| 000 | 01404 a2200229 4500 | ||
|---|---|---|---|
| 003 | Nust | ||
| 005 | 20220803112854.0 | ||
| 010 | _a 2005041853 | ||
| 020 | _a0849333997 (alk. paper) | ||
| 035 | _a(OCoLC)ocm57694820 | ||
| 040 | _cNust | ||
| 082 | 0 | 0 | _a621.31042,BIA |
| 100 | 1 |
_aBianchi, Nicola. _959207 |
|
| 245 | 1 | 0 |
_aElectrical Machine Analysis using Finite Elements / _cNicola Bianchi. |
| 260 |
_aBoca Raton, FL : _bTalor & Francis, _cc2005. |
||
| 300 |
_a275 p. : _bill. ; _c25 cm. |
||
| 440 | 0 |
_aPower electronics and applications series _983246 |
|
| 505 | _aOutline of Electromagnetic Fields (Page-1), Basic Principles of Finite Element Methods (Page-25), Applications of The Finite Element Method to Two-Dimensional Fields (Page-39), The Analysis Procedure Using The Finite Element Method (Page-61), Cylindrical Magnetic Devices (Page-73), Interior Permanent Magnet and Reluctance Synchronous Motors (Page-185), Self-Starting Single-Phase Synchronous Motors (Page-207), Switched Reluctance Motors (Page-229), Three-Phase Induction Motors (Page-243), The Single-Phase Transformer (Page-95), Single-Phase Variable Reactance (Page-125), Synchronous Generators (Page-141), Surface-Mounted Permanent Magnet Motors (Page-167). | ||
| 650 | 0 | _aTelecommunication Engineering. | |
| 856 | 4 | 2 |
_3Publisher description _uhttp://www.loc.gov/catdir/enhancements/fy0648/2005041853-d.html |
| 942 |
_cREF _2ddc |
||
| 999 |
_c176948 _d176948 |
||